A Quiz About Mean Girls - Statistics

General Stats
  • This quiz has been taken 357 times
  • The average score is 7 of 8
Answer Stats
Question Answer % Correct
What color do the girls wear on Wednesdays? Pink
99%
Who got hit by a bus? Regina
99%
What is Regina's last name? George
98%
"Get in losers, we're going ______." shopping
98%
"I'm a ____ mom." cool
97%
What is the name of the boy who Janis Ian is always with? Damien
93%
How many females are on the math team? One
86%
"It's October ____." 3rd
78%
No matching quizzes found
Score Distribution
Percent of People with Each Score
Percentile by Number Answered
Your Score History
You have not taken this quiz